Despalabro total / (Registro nro. 11004)

Detalles MARC
000 -CABECERA
campo de control de longitud fija 01944nam a22003137a 4500
001 - NÚMERO DE CONTROL
campo de control 00798
003 - IDENTIFICADOR DEL NÚMERO DE CONTROL
campo de control DO-SdBPM
005 - FECHA Y HORA DE LA ÚLTIMA TRANSACCIÓN
campo de control 20250908140654.0
007 - CAMPO FIJO DE DESCRIPCIÓN FÍSICA--INFORMACIÓN GENERAL
campo de control de longitud fija ta
008 - DATOS DE LONGITUD FIJA--INFORMACIÓN GENERAL
campo de control de longitud fija 160721b2001 sp ||| 00| 0 spa d
020 ## - NÚMERO INTERNACIONAL ESTÁNDAR DEL LIBRO
Número Internacional Estándar del Libro 9788495498427
040 ## - FUENTE DE LA CATALOGACIÓN
Centro catalogador/agencia de origen DO-SdBPM
Lengua de catalogación spa
Centro/agencia transcriptor BPMSU
Normas de descripción rda
082 #4 - NÚMERO DE LA CLASIFICACIÓN DECIMAL DEWEY
Número de clasificación RD861.44
Número de documento/Ítem A989d 2001
Número de edición 22
100 1# - ENTRADA PRINCIPAL--NOMBRE DE PERSONA
Nombre de persona Ayuso, José Alejandro
Término indicativo de función/relación autor
245 10 - MENCIÓN DE TÍTULO
Título Despalabro total /
Mención de responsabilidad, etc. José Alejandro Ayuso
260 ## - PUBLICACIÓN, DISTRIBUCIÓN, ETC.
Lugar de publicación, distribución, etc.
Nombre del editor, distribuidor, etc.
Fecha de publicación, distribución, etc.
264 ## - PRODUCCIÓN, PUBLICACIÓN, DISTRIBUCIÓN, FABRICACIÓN Y COPYRIGHT
Producción, publicación, distribución, fabricación y copyright Madrid :
Nombre del de productor, editor, distribuidor, fabricante Sial Ediciones,
Fecha de producción, publicación, distribución, fabricación o copyright 2001
300 ## - DESCRIPCIÓN FÍSICA
Extensión 84 páginas :
Dimensiones 21 cm.
336 ## - TIPO DE CONTENIDO
Término de tipo de contenido texto
Código de tipo de contenido txt
Fuente rdacontent
337 ## - TIPO DE MEDIO
Nombre/término del tipo de medio sin mediación
Código del tipo de medio n
Fuente rdamedia
338 ## - TIPO DE SOPORTE
Nombre/término del tipo de soporte volumen
Código del tipo de soporte nc
Fuente rdacarrier
490 0# - MENCIÓN DE SERIE
Mención de serie Los raros,
Designación de volumen o secuencia 11
505 0# - NOTA DE CONTENIDO CON FORMATO
Nota de contenido con formato Vivo de miedo 9 -- I. Arte sano 13 -- Recapitulo 14 -- Casi nada 16 -- Lacan(ción) 17 -- Lienzo 18 -- Harakiri 19 -- Encuentro fortuito 20 -- Mucha musa 23 -- Savoir-faire 24 -- II. Quejido 27 -- Mariurno 28 -- Mujer y ego 29 -- Yo kundero 30 -- Intitulable 31 -- Justo el amor 32 -- Manuscribirla 33 -- Confesión inacabada 34 -- Flagelación 35 -- Otramente 36 -- III. Arenga laica 41 -- Paradoxo 42 -- Más lluvia 44 -- Otro epitafio en la tumba de Jacques Brel 45 -- Altavoz 46 -- Cantata 47 -- Como un solo hombre 48 -- La guerra del colmo 49 -- No hay vida 50 -- No me levanto 52 -- Freud guiñando un ojo 55 -- Trilogioda 56 -- A mi aire 57 -- Loquema I 58 -- Loquema II 59 -- El vaho de los tiempos 60 -- Expediente clasificado 61 -- Delirium tremens 62 -- Not to be 63 -- El tropo 64 -- Poema S.O.S. (Después de la hecatombe verbonuclear). Divertimento 67 -- Especulación metapoética 68 -- Esto no es serio 70 -- Minuta 71 -- Toque profundo 72 -- La víctima 74 -- Mujerfatal 77 -- Prestidigitación 79 -- Vidolor 80 -- Inconformidades de fondo conformadas 81
590 ## - NOTA LOCAL (RLIN)
Nota local invetariado, 2025/VM
650 #7 - PUNTO DE ACCESO ADICIONAL DE MATERIA--TÉRMINO DE MATERIA
Término de materia o nombre geográfico como elemento de entrada Poesía dominicana
650 #7 - PUNTO DE ACCESO ADICIONAL DE MATERIA--TÉRMINO DE MATERIA
Término de materia o nombre geográfico como elemento de entrada Literatura dominicana
910 ## - DATOS DE OPCIÓN DEL USUARIO (OCLC)
Datos de opción del usuario VMateo V. Control de calidad. BPMSU
942 ## - ELEMENTOS DE PUNTO DE ACCESO ADICIONAL (KOHA)
Fuente del sistema de clasificación o colocación Dewey Decimal Classification
Tipo de ítem Koha Libros
Existencias
Estado de retiro Estado de pérdida Fuente del sistema de clasificación o colocación No para préstamo Código de colección Localización permanente Ubicación/localización actual Fecha de adquisición Fuente de adquisición Total de préstamos Signatura topográfica completa Código de barras Fecha visto por última vez Precio válido a partir de Tipo de ítem Koha Número de copia
    Dewey Decimal Classification   Colección Dominicana Biblioteca Pública Metropolitana Salomé Ureña Biblioteca Pública Metropolitana Salomé Ureña 07/21/2016 Donación   BPMSU CD RD861.44 A989d 2001 BPMSU16070626 07/21/2016 07/21/2016 Libros  
    Dewey Decimal Classification   Colección Dominicana Biblioteca Pública Metropolitana Salomé Ureña Biblioteca Pública Metropolitana Salomé Ureña 07/21/2016 Donación   BPMSU CD RD861.44 A989d 2001 BPMSU16070627 07/21/2016 07/21/2016 Libros e.2